ბათუმის შოთა რუსთაველის სახელმწიფო უნივერსიტეტის ბიბლიოთეკა

სამარჯვების დაგეგმარების საფუძვლები : სახელმძღვ. / (ბიბ.ჩანაწერი № 39601)

000 -ლიდერი
ფიქსირებული სიგრძის საკონტროლო ველი 00919nam a2200205Ia 4500
001 - საკონტროლო ნომერი
საკონტროლო ველი 6201
003 - საკონტროლო ნომრის იდენტიფიკატორი
საკონტროლო ველი GE_BSU
005 - ბოლო ოპერაციის თარიღი და დრო
საკონტროლო ველი 20190701161111.0
008 - ფიქსირებული სიგრძის მონაცემთა ელემენტები - ზოგადი ინფორმაცია
ფიქსირებული სიგრძის საკონტროლო ველი 181216s1985||||ge |||||||||||||| ||geo||
041 ## - ენის კოდი
Language code of text/sound track or separate title geo
080 ## - უნივერსალური ათობითი კლასიფიკაციის ინდექსი
Universal Decimal Classification number 621.753.4(075.8) დ-32
100 ## - მთავარი ჩანაწერი - პიროვნების სახელი
Personal name დემეტრაშვილი, გ.
9 (RLIN) 3129
245 ## - ცნობა სათაურის შესახებ
Title სამარჯვების დაგეგმარების საფუძვლები : სახელმძღვ. /
Statement of responsibility, etc გ. დემეტრაშვილი ; რედ : ლ. ჩიკვილაძე.
264 ## - წარმოების, გამოცემის, დისტრიბუციის და სხვა ცნობები
გამოცემის, წარმოების, დისტრიბუციის... ადგილი თბილისი :
გამოცემის, წარმოების, დისტრიბუციის... სახელწოდება განათლება,
გამოცემის, წარმოების, დისტრიბუციის... თარიღი 1985.
300 ## - ფიზიკური აღწერა
Extent 175 გვ .:
Other physical details ილ ;
Dimensions 22 სმ.
504 ## - BIBLIOGRAPHY, ETC. NOTE
Bibliography, etc ბიბლიოგრ.:გვ.170
653 ## - INDEX TERM--UNCONTROLLED
Uncontrolled term სამარჯვების დაგეგმარება
700 ## - ADDED ENTRY--PERSONAL NAME
Personal name ჩიკვილაძე, ლ
Relator term რედაქტორი
9 (RLIN) 819
942 ## - ADDED ENTRY ELEMENTS (KOHA)
Koha item type წიგნი
Source of classification or shelving scheme
ეგზემპლარები
ჩამოწერის სტატუსი დაკარგული ეგზემპლარის სტატუსი კლასიფიკაციის წყარო ან თაროზე გაწყობის სქემა დაზიანების სტატუსი არ გაიცემა მუდმივი მდებარეობა (დაცვის ადგილი) ამჟამინდელი ადგილსამყოფელი თაროზე განთავსების ადგილი შეძენის თარიღი ღირებულება, შესყიდვის ნორმალური ფასი სრული შენახვის შიფრი შტრიხკოდი ბოლო ოპერაციის თარიღი ეგზემპლარის მიმდევრობითი ნომერი (კეტერი?) ფასის ძალაში შესვლის თარიღი ეგზემპლარის სახეობა საჯარო შენიშვნა
          ტექნოლოგიური ფაკულტეტის ბიბლიოთეკა ტექნოლოგიური ფაკულტეტის ბიბლიოთეკა წიგნსაცავი 2018-12-17 1.00 621.753.4(075.8) დ-32 11188 2018-12-17 11188 2018-12-17 წიგნი 1 ლ.
          ტექნოლოგიური ფაკულტეტის ბიბლიოთეკა ტექნოლოგიური ფაკულტეტის ბიბლიოთეკა წიგნსაცავი 2018-12-17 1.00 621.753.4(075.8) დ-32 11189 2018-12-17 11189 2018-12-17 წიგნი 1 ლ.
          ტექნოლოგიური ფაკულტეტის ბიბლიოთეკა ტექნოლოგიური ფაკულტეტის ბიბლიოთეკა წიგნსაცავი 2018-12-17 1.00 621.753.4(075.8) დ-32 11190 2018-12-17 11190 2018-12-17 წიგნი 1 ლ.